Obama's Challenge (Record no. 4238)

MARC details
000 -LEADER
fixed length control field 00389nam a22001457a 4500
008 - FIXED-LENGTH DATA ELEMENTS--GENERAL INFORMATION
fixed length control field 250709b |||||||| |||| 00| 0 eng d
020 ## - INTERNATIONAL STANDARD BOOK NUMBER
ISBN 9781603580793
100 ## - MAIN ENTRY--AUTHOR
Author Kuttner Robert
245 ## - TITLE STATEMENT
Title Obama's Challenge
260 ## - PUBLICATION, DISTRIBUTION, ETC. (IMPRINT)
Place of publication Edo
Name of publisher Beulah Land Publications
Date of publication 2008
300 ## - COLLATION
Pagination iv, 213p.
650 ## - TRACINGS
Main Subject Obama, Barack
Subdivision (1st) Financial Crises-United States
942 ## - ADDED ENTRY ELEMENTS (KOHA)
Item type Books
050 ## - LIBRARY OF CONGRESS CALL NUMBER
Classification number HB3743
Item number .K88
Holdings
Source of classification or shelving scheme Not for loan Permanent location Current location Date acquired Accession No. Full call number Barcode. Koha item type
Library of Congress Classification   Samuel Ogbemudia Main Library, University of Abuja Samuel Ogbemudia Main Library, University of Abuja 07/09/2025 2025/65219 HB3743.K88 2025-2987 Books